| 000 | 00975cam a22002775a 4500 | ||
|---|---|---|---|
| 999 |
_c26861 _d26833 |
||
| 005 | 20201128024356.0 | ||
| 008 | 160212t2015 enkab frb 001 0 eng d | ||
| 020 | _a9781292016894 | ||
| 020 | _a1292016892 | ||
| 040 |
_aStDuBDS _beng _cStDuBDS _dEG-ScBUE _dEG-ScBUE |
||
| 082 | 0 | 4 |
_a658.4012 _bDAV _222 |
| 100 | 1 |
_aDavid, Fred R. _922473 |
|
| 245 | 1 | 0 |
_aStrategic management : _bconcepts and cases : a competitive advantage approach / _cFred R. David, Forest R. David. |
| 250 | _a15th. ed., global ed. | ||
| 260 |
_aHarlow : _bPearson Education Limited, _cc.2015. |
||
| 300 |
_a682 p. : _bill. (col.), maps (col) ; _c28 cm. |
||
| 500 | _aPrevious edition : 2013. | ||
| 500 | _aIncludes bibliographical references and index. | ||
| 650 | 7 |
_aStrategic planning. _2BUEsh _91643 |
|
| 650 | 7 |
_aBusiness planning. _2BUEsh |
|
| 651 | _2BUEsh | ||
| 653 |
_bBUSADM _cOctober2018 |
||
| 690 | 7 |
_aManagement and Business Studies _2blcoll |
|
| 700 | 1 | _aDavid, Forest R. | |
| 942 | _2ddc | ||